00581nam a2200241Ia 4500003000900000008004100009040001300050040001300063041000800076100001900084245004300103250002700146260001100173260000900184300001100193300001000204490003400214490000600248600004400254700001400298700001000312700001700322IT-RoPAU120407s9999 xx 000 0 und d aIT-RoPAU cIT-RoPAU aita aLuigi M. Rulla aAntropologia della vocazione cristiana aCasale Monferrato (AL) aPiemme c1985 a370 p. c24 cm aAntropologia e vita cristiana v1 a2° v. Conferme esistenziali 370 p. aJ. Ridick ccoll. aFranco Imoda